The Need For Discipleship in the Church Ministry of the Southern Manipur Churches With Special Reference to the Ministry Approach of the Evangelical Baptist Convention | (Record no. 7995)

MARC details
000 -LEADER
fixed length control field 00670nam a22001697a 4500
003 - CONTROL NUMBER IDENTIFIER
control field GBCCL
005 - DATE AND TIME OF LATEST TRANSACTION
control field 20241126110641.0
008 - FIXED-LENGTH DATA ELEMENTS--GENERAL INFORMATION
fixed length control field 181123b ||||| |||| 00| 0 eng d
040 ## - CATALOGING SOURCE
Transcribing agency GBC
082 ## - DEWEY DECIMAL CLASSIFICATION NUMBER
Classification number ARCH GBC-2016
Item number KHU
100 ## - MAIN ENTRY--PERSONAL NAME
Personal name Khualmang, N
9 (RLIN) 13958
245 ## - TITLE STATEMENT
Title The Need For Discipleship in the Church Ministry of the Southern Manipur Churches With Special Reference to the Ministry Approach of the Evangelical Baptist Convention |
Statement of responsibility, etc. N. Khualmang
260 ## - PUBLICATION, DISTRIBUTION, ETC.
Place of publication, distribution, etc. New Lamka:
Name of publisher, distributor, etc. Grace Bible College,
Date of publication, distribution, etc. 2016
300 ## - PHYSICAL DESCRIPTION
Extent x + 67 p.;
Dimensions 21 x 29 cm.
650 ## - SUBJECT ADDED ENTRY--TOPICAL TERM
Topical term or geographic name entry element Discipleship
Form subdivision Church Ministry
General subdivision Evangelical Baptist Convention
Geographic subdivision Lamka
-- Churachandpur
9 (RLIN) 13959
942 ## - ADDED ENTRY ELEMENTS (KOHA)
Source of classification or shelving scheme Dewey Decimal Classification
Koha item type Thesis
Holdings
Withdrawn status Lost status Source of classification or shelving scheme Damaged status Not for loan Home library Current Library Shelving location Date acquired Total checkouts Full call number Barcode Date last seen Copy number Price effective from Koha item type
    Dewey Decimal Classification     GRACE BIBLE COLLEGE GRACE BIBLE COLLEGE Archives 2018-11-23   ARCH GBC-2016 KHU 025126 2025-05-01 c.1 2018-11-23 Thesis
© Grace Bible College Library 2025